[Event "Porto San Giorgio Weekend-B 14th"]
[Site "Porto San Giorgio"]
[Date "2011.11.27"]
[Round "5"]
[White "Basso, Fabrizio"]
[Black "Marchetti, Michael"]
[Result "1-0"]
[WhiteElo "1754"]
[BlackElo "1629"]
[PlyCount "127"]
[EventDate "2011.11.19"]
[EventType "swiss"]
[EventRounds "6"]
[EventCountry "ITA"]
[SourceTitle "EXT 2024"]
[Source "ChessBase"]
[SourceDate "2023.10.10"]
[SourceVersion "1"]
[SourceVersionDate "2023.10.10"]
[SourceQuality "1"]

1. e4 c5 2. Nf3 Nc6 3. d4 cxd4 4. Nxd4 Nf6 5. Nc3 e6 6. Bc4 d5 7. exd5 Nxd5 8. Nxd5 exd5 9. Bb3 Be7 10. Be3 0-0 11. Qf3 Be6 12. 0-0-0 Qd7 13. h3 Na5 14. Rhe1 Nxb3+ 15. axb3 Bf6 16. Bf4 Rac8 17. Be5 Bxe5 18. Rxe5 Qc7 19. Rde1 Rfe8 20. Qe2 Qb6 21. Nxe6 fxe6 22. Rxe6 Qxe6 23. Qxe6+ Rxe6 24. Rxe6 Kf7 25. Re5 Rd8 26. Kd2 Kf6 27. Re3 b5 28. b4 Ra8 29. Ra3 Ke5 30. g3 g5 31. Ra6 Rf8 32. Ke2 Rc8 33. Kd2 Rf8 34. Ke2 Rc8 35. c3 d4 36. Kd3 dxc3 37. bxc3 Rf8 38. Ra2 Rf3+ 39. Ke2 Rxc3 40. Rxa7 Rb3 41. Re7+ Kf6 42. Re4 Kf5 43. Rd4 Ke5 44. Rg4 Kf5 45. f4 gxf4 46. Rxf4+ Ke5 47. Kf2 Rb2+ 48. Kf3 Rb3+ 49. Kg4 h5+ 50. Kh4 Rd3 51. Rf8 Rd4+ 52. Kxh5 Rxb4 53. g4 Rb3 54. h4 b4 55. g5 Rg3 56. Kh6 b3 57. h5 b2 58. Rb8 Rg2 59. g6 Kf6 60. Kh7 Rh2 61. h6 Kg5 62. Rb5+ Kf6 63. g7 Rg2 64. Rxb2 1-0